Η' Επιστημονική συνάντηση για την ελληνιστική κεραμική : Ιωάννινα 5-9 Μαϊου 2009 : πρακτικά
Αποθηκεύτηκε σε:
| Συλλογικό Έργο: | , |
|---|---|
| Άλλοι συγγραφείς: | |
| Μορφή: | Πρακτικό Συνεδρίου Βιβλίο |
| Γλώσσα: | Greek Multiple |
| Δημοσίευση: |
Αθήνα :
Ταμείο Αρχαιολογικών Πόρων και Απαλλοτριώσεων,
2014.
|
| Θέματα: | |
| Ετικέτες: |
Προσθήκη ετικέτας
Δεν υπάρχουν, Καταχωρήστε ετικέτα πρώτοι!
|
MARC
| LEADER | 00000cam a2200000 a 4500 | ||
|---|---|---|---|
| 001 | 1/122673 | ||
| 008 | 210212s2014####gr a|||||| |||| ||gre|| | ||
| 020 | |a 9789603861966 (set) | ||
| 020 | |a 9789603861973 (τ.1) | ||
| 020 | |a 9789603861980 (τ.2) | ||
| 040 | |a GR-MyUa |b gre |c GR-MyUa |e AACR2 | ||
| 041 | 0 | |a mul | |
| 082 | 7 | |a 738.0938 |2 (23) | |
| 111 | 2 | |a Επιστημονική συνάντηση για την ελληνιστική κεραμική |n (8η : |d 5-9 Μαϊου 2009 : |c Ιωάννινα) | |
| 245 | 1 | 0 | |a Η' Επιστημονική συνάντηση για την ελληνιστική κεραμική : |b Ιωάννινα 5-9 Μαϊου 2009 : πρακτικά / |c Υπουργείο Πολιτισμού και Αθλητισμού. ΙΒ' Εφορεία Προϊστορικών και Κλασικών Αρχαιοτήτων. Αρχαιολογικό Ινστιτούτο Ηπειρωτικών Σπουδών ; γενική επιμέλεια Ελένη Κώτσου. |
| 260 | |a Αθήνα : |b Ταμείο Αρχαιολογικών Πόρων και Απαλλοτριώσεων, |c 2014. | ||
| 300 | |a 2 τ. ; |b πίν., εικ., σχέδια ; |c 28 εκ. | ||
| 500 | |a Τ.1. Κείμενα. - τ.2. Πίνακες | ||
| 650 | 0 | |a Pottery, Greek |v Congresses. | |
| 700 | 1 | |a Κώτσου, Ελένη, |e edtf | |
| 710 | 2 | |a Υπουργείο Πολιτισμού και Αθλητισμού |b ΙΒ' Εφορεία Προϊστορικών και Κλασικών Αρχαιοτήτων. | |
| 852 | |a INST |b LESVOS |e 20210212 |h 738.0938 ΕΠΙ |p 005100062071 |q 005100062071 |t BK |v τομ.1: |y 0 | ||
| 853 | |a INST |b LESVOS |h 738.0938 ΕΠΙ | ||
| 970 | |a Δημάκη |b Μαρία |z 12-02-2021 | ||